| 000 | 00334nam a2200133Ia 4500 | ||
|---|---|---|---|
| 005 | 20260328104312.0 | ||
| 008 | 260328s9999||||xx |||||||||||||| ||und|| | ||
| 100 | _aBaker, Lisa | ||
| 245 | 0 |
_aMasterpieces : _b Courtyard Architecture + Design / _cLisa Baker |
|
| 260 | _bBraun | ||
| 300 | _a296 p. | ||
| 650 | _aVIVIENDA | ||
| 942 | _cBK | ||
| 999 |
_c11005 _d11005 |
||